TEXTBOOK OF COSMETICS (Record no. 6176)

MARC details
000 -LEADER
fixed length control field 00428nam a22001697a 4500
005 - DATE AND TIME OF LATEST TRANSACTION
control field 20210827114437.0
008 - FIXED-LENGTH DATA ELEMENTS--GENERAL INFORMATION
fixed length control field 200320b xxu||||| |||| 00| 0 eng d
020 ## - INTERNATIONAL STANDARD BOOK NUMBER
ISBN 9788123917610
041 ## - LANGUAGE CODE
Language code of text/sound track or separate title eng
082 ## - DEWEY DECIMAL CLASSIFICATION NUMBER
Classification number 617.95
100 ## - MAIN ENTRY--AUTHOR NAME
Personal name NEMA, RAJESH KUMAR
245 ## - TITLE STATEMENT
Title TEXTBOOK OF COSMETICS
260 ## - PUBLICATION, DISTRIBUTION, ETC. (IMPRINT)
Place of publication NEW DELHI
Name of publisher CBS PUBLISHERS AND DISTRIBUTORS
Year of publication 2017
300 ## - PHYSICAL DESCRIPTION
Number of Pages 324P. ; XI
650 ## - SUBJECT ADDED ENTRY--TOPICAL TERM
Topical Term PHAMACY
942 ## - ADDED ENTRY ELEMENTS (KOHA)
Koha item type Books

No items available.